Real fast Indian food (Record no. 3184)
[ view plain ]
| 000 -LEADER | |
|---|---|
| fixed length control field | 00534 a2200169 4500 |
| 020 ## - INTERNATIONAL STANDARD BOOK NUMBER | |
| Terms of availability | 561.00 |
| 035 ## - SYSTEM CONTROL NUMBER | |
| System control number | B-24318 |
| 037 ## - SOURCE OF ACQUISITION | |
| Source of stock number/acquisition | RP-ZLS-CH-84 / NCP-00-01:275 / RP-00-01:ENG |
| 082 14 - DEWEY DECIMAL CLASSIFICATION NUMBER | |
| Classification number | 641.5954 |
| 090 ## - LOCALLY ASSIGNED LC-TYPE CALL NUMBER (OCLC); LOCAL CALL NUMBER (OCLC) | |
| -- | 3246 |
| -- | 3246 |
| 100 1# - MAIN ENTRY--PERSONAL NAME | |
| Personal name | Baljekar, Mridula |
| 245 1# - TITLE STATEMENT | |
| Title | Real fast Indian food |
| Statement of responsibility, etc | by Mridula Baljekar |
| 260 ## - PUBLICATION, DISTRIBUTION, ETC. (IMPRINT) | |
| Place of publication, distribution, etc | London |
| Name of publisher, distributor, etc | Metro Publishing |
| Date of publication, distribution, etc | 2000 |
| 300 ## - PHYSICAL DESCRIPTION | |
| Extent | 224 p |
| Other physical details | photos |
| Dimensions | 22 cm (pbk) |
| 942 ## - ADDED ENTRY ELEMENTS (KOHA) | |
| Institution code [OBSOLETE] | dpl |
| Koha item type | English Books |
| Call number prefix | 641.5954 / BAL |
| Withdrawn status | Lost status | Source of classification or shelving scheme | Damaged status | Not for loan | Collection code | Home library | Current library | Cost, normal purchase price | Total Checkouts | Full call number | Barcode | Date last seen | Copy number | Uniform Resource Identifier | Cost, replacement price | Price effective from | Koha item type |
|---|---|---|---|---|---|---|---|---|---|---|---|---|---|---|---|---|---|
| Dewey Decimal Classification | Non-fiction | Sarojini Nagar | Sarojini Nagar | 561.00 | 641.5954 | B-24318 | 15/09/2008 | 1 | 3387 | 561.00 | 15/09/2008 | English Books |
